000
00207 a2200097 4500
001
35029
100
_a
Narang GBS
245
_a
Materials & Metallurgy
260
_a
ND
_b
Khanna Pub
_c
090
_c
23177
_d
23177
942
_a
NUST-CAE
_c
M
_c
14644
999
_c
270102
_d
270102